[Event "Gibraltar Masters"]
[Site "Catalan Bay ENG"]
[Date "2004.01.29"]
[Round "3"]
[White "Milligan,H"]
[Black "Womacka,M"]
[Result "0-1"]
[WhiteElo "2076"]
[BlackElo "2447"]

1.e4 c5 2.Nf3 d6 3.Bb5+ Nd7 4.O-O a6 5.Bxd7+ Bxd7 6.c4 Nf6 7.Nc3 g6 8.d4 cxd4
9.Nxd4 Bg7 10.Kh1 O-O 11.f3 Rc8 12.Qd3 Qc7 13.b3 b5 14.Nd5 bxc4 15.Nxe7+ Kh8
16.bxc4 Qxc4 17.Rd1 Qxd3 18.Rxd3 Rce8 19.Ba3 Rxe7 20.Bxd6 Ree8 21.Bxf8 Bxf8
22.Rc1 Kg7 23.h3 h5 24.g4 h4 25.Kg2 Rb8 26.Kg1 Rb2 27.e5 Nd5 28.Rc2 Rb1+
29.Kh2 Nb4 30.Rc7 Nxd3 31.Rxd7 Rb2+  0-1

[Event "TCh-FRA Nat1 GpB"]
[Site "Cannes FRA"]
[Date "2004.01.30"]
[Round "1"]
[White "Lallemand,R"]
[Black "Sebag,M"]
[Result "1/2-1/2"]
[WhiteElo "2274"]
[BlackElo "2404"]

1.e4 c5 2.Nf3 d6 3.Bb5+ Nd7 4.d4 Nf6 5.Nc3 cxd4 6.Qxd4 e5 7.Qd1 h6 8.O-O Be7
9.Bc4 O-O 10.Nh4 Nb6 11.Bb3 a5 12.a4 Nxe4 13.Nxe4 d5 14.Nf3 dxe4 15.Nxe5 Qxd1
16.Rxd1 Bf6 17.Bf4 Bf5 18.c3 g5 19.Bg3 Kg7 20.Rd6 Nc8 21.Rdd1 Nb6 22.Rd6 Nc8
23.Rd2 Ra6 24.Rad1 h5 25.h3 Ne7 26.Bc4 Rb6 27.Bb5 h4 28.Bh2 Be6 29.Nd7 Bxd7
30.Rxd7 Nf5 31.Bc7 Re6 32.Bxa5 e3 33.fxe3 Rxe3 34.Bb6 Re6 35.Bc5 Rc8 36.Bf2 Be5
37.Rxb7 Bg3 38.Ba7 Rf6 39.Rbd7 Re8 40.a5 Rfe6 41.Rf1 Re1 42.Rd1 Rxd1 43.Rxd1 Re5
44.c4 Re2 45.Bc6 Ne3 46.Bxe3 Rxe3 47.a6 Bb8 48.Bb5 Re2 49.Kf1 Rxb2 50.Rd8 Ba7
51.Rd7 Be3 52.Bc6 Ra2 53.Bb7 Kg6 54.Rd3 Bf4 55.Ke1 Bg3+ 56.Kd1 Bf2 57.Rd5 Kf6
58.c5 Ra5 59.Ke2 Bg1 60.Kf1 Ra1+  1/2-1/2

[Event "1st WinTV Open"]
[Site "Chennai IND"]
[Date "2004.01.30"]
[Round "11"]
[White "Deric,P"]
[Black "Arun,H"]
[Result "1/2-1/2"]
[WhiteElo "2126"]
[BlackElo "2025"]

1.e4 c5 2.Nf3 d6 3.Bb5+ Bd7 4.Bxd7+ Qxd7 5.c4 Nf6 6.Nc3 Nc6 7.d4 cxd4 8.Nxd4 g6
9.O-O Bg7 10.Nde2 O-O 11.f3 Rfd8 12.Bg5 Rac8 13.b3 Re8 14.Rc1 Qd8 15.Kh1 Qa5
16.Qd2 Qd8 17.Rfd1 Ne5 18.h3 Ned7 19.Be3 b6 20.Nb5 a6 21.Nbd4 Qc7 22.Nc3 Qb7
23.Qe2 Ne5 24.Nd5 Ned7 25.b4 Nxd5 26.cxd5 b5 27.Rxc8 Rxc8 28.Nc6 Ne5 29.Na5 Qd7
30.Bd4 Nc4 31.Bxg7 Kxg7 32.Nc6 Ne5 33.Qb2 f6 34.Nd4 Rc4 35.Ne6+ Kg8 36.Qd2 Nf7
37.Rc1 Qc8 38.Rxc4 bxc4 39.a4 c3 40.Qc1 Qc4 41.b5 axb5 42.axb5 c2 43.b6 Qb3
44.b7 Qb1 45.b8=Q+ Qxb8 46.Qxc2 Nd8 47.Nd4 Qa7 48.Qc4 Qc5 49.Qa4 Qc1+ 50.Kh2 Qf4+
51.Kg1 Qc1+ 52.Kf2 Qb2+ 53.Kg3 Kf7 54.h4 Qc3  1/2-1/2

[Event "75th ch-GER"]
[Site "Hoeckendorf GER"]
[Date "2004.01.30"]
[Round "1"]
[White "Pohl,W"]
[Black "Heinemann,T"]
[Result "0-1"]
[WhiteElo "2217"]
[BlackElo "2426"]

1.e4 c5 2.Nf3 d6 3.Bb5+ Nd7 4.c4 a6 5.Ba4 Nf6 6.Nc3 e6 7.O-O Be7 8.d4 cxd4
9.Qxd4 O-O 10.Re1 Qc7 11.Bg5 Rd8 12.Rac1 b6 13.b4 Bb7 14.Bb3 Rac8 15.a3 Ne5
16.Nd2 h6 17.Bh4 g5 18.Bg3 Nh5 19.Qe3 Bf6 20.Bxe5 Bxe5 21.Qh3 Nf4 22.Qxh6 Qe7
23.Nf3 Bg7 24.Qxg5 Qxg5 25.Nxg5 Nd3 26.Ne2 Bf6 27.h4 Kg7 28.Rcd1 Nxe1 29.f3 Bxg5
30.hxg5 d5 31.exd5 exd5 32.Rxe1 dxc4 33.Bc2 Rd2 34.Bf5 Re8 35.Kf1 Ra2 36.a4 Re3
37.Bg4 Rxa4 38.Rd1 Rd3 39.Re1 Rda3 40.Kf2 Ra1  0-1

[Event "OSS January It"]
[Site "Oslo NOR"]
[Date "2004.01.30"]
[Round "7"]
[White "Bosiocic,Mari"]
[Black "Dannevig,O"]
[Result "0-1"]
[WhiteElo "2232"]
[BlackElo "2369"]

1.e4 c5 2.Nf3 d6 3.Bb5+ Bd7 4.Bxd7+ Qxd7 5.c4 Nc6 6.O-O Nf6 7.Nc3 g6 8.d4 cxd4
9.Nxd4 Bg7 10.Nde2 O-O 11.f3 a6 12.a4 Qd8 13.Be3 Nd7 14.Rb1 Qa5 15.Qd2 Qb4
16.b3 Nc5 17.Qc2 Qa5 18.Rfd1 Rfc8 19.Qd2 Qd8 20.Nd5 Rab8 21.Nec3 e6 22.Nf4 Na5
23.Qc2 Ncxb3 24.Rxb3 Nxb3 25.Qxb3 Qc7 26.Nce2 Qxc4 27.Qxc4 Rxc4 28.a5 Rc2
29.Kf2 Ra2 30.Rxd6 Rxa5 31.Rb6 Ra2 32.Nd3 a5 33.e5 a4 34.Bd4 Rd8 35.Nc1 Rc2
36.Ke3 Rd7 37.Rb4 a3 38.Ra4 Bf8 39.Nb3 b5 40.Ra8 Kg7 41.Kd3 Rb2 42.Nd2 Bb4
43.Ne4 Rxe2 44.Kxe2 Rxd4 45.Nf6 Rd2+ 46.Ke3 Rxg2 47.Rg8+ Kh6 48.f4 a2 49.Rh8 g5
50.f5 exf5 51.h4 Rg3+ 52.Kf2 f4 53.h5 g4 54.Rxh7+ Kg5  0-1

[Event "TCh-FRA Nat1 GpB"]
[Site "Cannes FRA"]
[Date "2004.01.31"]
[Round "2"]
[White "McShane,L"]
[Black "Hamdouchi,H"]
[Result "1/2-1/2"]
[WhiteElo "2651"]
[BlackElo "2588"]

1.e4 c5 2.Nf3 d6 3.Bb5+ Nc6 4.O-O Bd7 5.Re1 Nf6 6.c3 a6 7.Bf1 Bg4 8.d3 Bxf3
9.Qxf3 g6 10.Na3 Bg7 11.Nc2 O-O 12.Bg5 Rc8 13.Rad1 Qa5 14.a3 Nd7 15.Qh3 Nb6
16.Rb1 c4 17.Qh4 cxd3 18.Bxd3 Rfe8 19.Ne3 Ne5 20.Bc2 Rc7 21.Red1 Qc5 22.Bb3 e6
23.Rd2 h5 24.Bf4 Rd7 25.Rbd1 Nc8 26.Rc2 Qc6 27.Bg5 Nb6 28.Rd4 Qc5 29.h3 Nc6
30.Rd1 Na5 31.Ba2 Nac4 32.g4 Ne5 33.Kg2 Qc6 34.gxh5 f6 35.Bxf6 Bxf6 36.Qxf6 Qxe4+
37.Kf1 Rf7 38.Bxe6 Rxe6 39.Qxe6 Nbc4 40.Nxc4 Qxc2 41.Rd2 Qb1+ 42.Ke2 Qe4+
43.Kd1  1/2-1/2

[Event "Gibraltar Masters"]
[Site "Catalan Bay ENG"]
[Date "2004.01.31"]
[Round "5"]
[White "Vijayalakshmi,S"]
[Black "Vuckovic,Bo"]
[Result "1/2-1/2"]
[WhiteElo "2444"]
[BlackElo "2511"]

1.e4 c5 2.Nf3 d6 3.Bb5+ Nc6 4.O-O Bd7 5.Re1 Nf6 6.c3 a6 7.Bxc6 Bxc6 8.e5 dxe5
9.Nxe5 Rc8 10.Na3 e6 11.Nc2 Be7 12.Nxc6 Rxc6 13.d4 Qc7 14.Qf3 O-O 15.Bg5 h6
16.Bxf6 Bxf6 17.dxc5 Rxc5 18.Ne3 Rb5 19.Qe2 Rc8 20.Rad1 Bg5 21.Rd3 Qa5 22.a3 Qb6
23.b4 Re5 24.c4 Rxc4 25.Nxc4 Rxe2 26.Rxe2 Qc6 27.Nb2 Bc1 28.Rd1 Qc3 29.Rd3 Qc6
30.Rd1 a5 31.bxa5 Qc3 32.Nd3 Bxa3 33.Ra2 Be7 34.g3 Bf6 35.Nf4 Qb3 36.Rad2 Bg5
37.Rd3 Qa4 38.Rb1 Bxf4 39.gxf4 Qxa5 40.Rd4 h5 41.Rdb4 Qf5 42.R1b3 b5 43.Kg2 Kf8
44.h3 g6 45.Kg3 Kg7 46.Re3 Qc5 47.Reb3 h4+ 48.Kg2 Qd5+ 49.Kg1 Qh5 50.Kg2 Kf8
51.Re3 Qd5+ 52.Kg1 Ke7 53.Reb3 Qd1+ 54.Kg2 Qd5+ 55.Kg1 Qf5 56.Kg2 Kd6 57.Rxb5 Qxf4
58.Rb6+ Kd7 59.Rb7+ Kc8 60.R7b4 Qg5+ 61.Kf1 Qc1+ 62.Kg2 Qc6+ 63.Kg1 Qc1+
64.Kg2 Qc6+ 65.Kg1 g5 66.Rd3 Qc1+ 67.Kg2 Qc6+ 68.Kg1 Qc1+ 69.Kg2 e5 70.Rbb3 Qc6+
71.Kh2 Qe6 72.Rbc3+ Kb7 73.Rd2 Qb6 74.Ra2 Qb4 75.Rcc2 Qf4+ 76.Kg1 g4 77.Rab2+ Ka7
78.Rc3 Qa4 79.Rbb3 Qa1+ 80.Kg2 gxh3+ 81.Rxh3 Qd4 82.Rhf3 f5 83.Kh2 e4 84.Rxf5 Qd6+
85.Kh3 Qe6 86.Rb5 e3 87.Re5 Qg6 88.Rg5 exf2 89.Re7+ Kb8 90.Rxg6 f1=Q+ 91.Kxh4 Qf2+
92.Kg5 Qg3+ 93.Kf6 Qf4+ 94.Kg7 Kc8 95.Rf7 Qe5+ 96.Kg8 Qd5 97.Rh6 Qg5+ 98.Kh7 Qd5
99.Rg7 Qf5+ 100.Kh8 Qe5 101.Rg6 Qh5+ 102.Kg8 Qd5+ 103.Rf7 Kd8 104.Kg7 Ke8
105.Rff6 Ke7 106.Ra6 Qe5+ 107.Kg8 Qd5+ 108.Kh8 Qh5+ 109.Kg7 Qe5+  1/2-1/2

[Event "Gibraltar Masters"]
[Site "Catalan Bay ENG"]
[Date "2004.01.31"]
[Round "5"]
[White "White,I"]
[Black "Fellousi,A"]
[Result "0-1"]
[WhiteElo "2018"]
[BlackElo "2188"]

1.e4 c5 2.Nf3 d6 3.Bb5+ Bd7 4.Bxd7+ Qxd7 5.O-O Nc6 6.c3 Nf6 7.d4 Nxe4 8.d5 Nb8
9.Re1 Nf6 10.Bg5 e5 11.dxe6 fxe6 12.Bxf6 gxf6 13.Nbd2 Nc6 14.Qe2 e5 15.Rad1 O-O-O
16.Ne4 Qf7 17.c4 Be7 18.Nc3 f5 19.Nd5 e4 20.Nxe7+ Qxe7 21.Nd2 Qg5 22.Qe3 Rhg8
23.Qxg5 Rxg5 24.h4 Rg4 25.f3 exf3 26.Nxf3 Rxc4 27.Re6 Rc2 28.Rexd6 Rxd6 29.Rxd6 Rxb2
30.Rd2 Rxd2 31.Nxd2 Kd7 32.Kf2 Ke6 33.Ke3 b5 34.Nf3 h6  0-1

[Event "TCh-BEL 2003-4"]
[Site "Belgium BEL"]
[Date "2004.02.01"]
[Round "8"]
[White "Schalkx,J"]
[Black "Ahn,M"]
[Result "1/2-1/2"]
[WhiteElo "2265"]
[BlackElo "2266"]

1.e4 c5 2.Nf3 d6 3.Bb5+ Bd7 4.Bxd7+ Qxd7 5.O-O Nf6 6.e5 dxe5 7.Nxe5 Qd6 8.Qe2 e6
9.d4 cxd4 10.Na3 d3 11.Nxd3 Qa6  1/2-1/2

[Event "TCh-FRA Nat1 GpB"]
[Site "Cannes FRA"]
[Date "2004.02.01"]
[Round "3"]
[White "Marciano,D"]
[Black "Hamdouchi,H"]
[Result "1/2-1/2"]
[WhiteElo "2514"]
[BlackElo "2588"]

1.e4 c5 2.Nf3 d6 3.Bb5+ Nd7 4.d4 Nf6 5.Nc3 cxd4 6.Qxd4 e5 7.Qd3 h6 8.Be3 Be7
9.Bc4 O-O 10.O-O a6 11.a4 Qc7 12.Rfd1 Nc5 13.Bxc5 Qxc5 14.Nd5 Nxd5 15.Bxd5 Rb8
16.a5  1/2-1/2

[Event "1st WinTV Open"]
[Site "Chennai IND"]
[Date "2004.02.01"]
[Round "13"]
[White "Mari Arul,S"]
[Black "Sundararajan,K"]
[Result "1/2-1/2"]
[WhiteElo "2322"]
[BlackElo "2437"]

1.e4 c5 2.Nf3 d6 3.Bb5+ Bd7 4.Bxd7+ Qxd7 5.O-O Nc6 6.c3 Nf6 7.d4 e6 8.d5 Ne5
9.Nxe5 dxe5 10.dxe6 Qxe6 11.Qa4+ Qd7 12.Qxd7+ Kxd7 13.f3 c4 14.Be3 Be7 15.Nd2 Rhc8
16.Rfc1 Ne8 17.b3 Nd6 18.Kf2 Rc6 19.Ke2 Rac8 20.b4 a5 21.a4 axb4 22.cxb4 b5
23.Bc5 Ra6 24.axb5 Rxa1 25.Rxa1 Nxb5 26.Nxc4 Bxc5 27.bxc5 Rxc5 28.Kd3  1/2-1/2

[Event "IM"]
[Site "Marianske Lazne CZE"]
[Date "2004.02.01"]
[Round "11"]
[White "Vyskocil,N"]
[Black "Luch,M"]
[Result "0-1"]
[WhiteElo "2335"]
[BlackElo "2294"]

1.e4 c5 2.Nf3 d6 3.Bb5+ Nd7 4.d4 Nf6 5.Nc3 cxd4 6.Qxd4 e5 7.Qd3 h6 8.Be3 Be7
9.O-O O-O 10.Bc4 Nb6 11.Bxb6 Qxb6 12.Nd2 Be6 13.b3 Qc5 14.Bxe6 fxe6 15.Qc4 d5
16.Qxc5 Bxc5 17.Na4 Bd6 18.Rad1 b5 19.Nc3 b4 20.Na4 Rac8 21.Rc1 Rc6 22.exd5 exd5
23.c3 bxc3 24.Rxc3 Rxc3 25.Nxc3 Rc8 26.Rc1 Ba3 27.Rc2 Bb4  0-1

[Event "75th ch-GER"]
[Site "Hoeckendorf GER"]
[Date "2004.02.03"]
[Round "6"]
[White "Pohl,W"]
[Black "Bischoff,D"]
[Result "1-0"]
[WhiteElo "2217"]
[BlackElo "2182"]

1.e4 c5 2.Nf3 d6 3.Bb5+ Nd7 4.d4 Nf6 5.Nc3 cxd4 6.Qxd4 e5 7.Qd3 h6 8.h3 Be7
9.Be3 O-O 10.g4 Nb6 11.a4 a6 12.a5 axb5 13.Bxb6 Qxb6 14.axb6 Rxa1+ 15.Nd1 Be6
16.b3 d5 17.O-O dxe4 18.Qc3 Rxd1 19.Rxd1 exf3 20.Qc7 Nd5 21.Qxb7 Nc3 22.Qxe7 Nxd1
23.Qxf8+  1-0

[Event "75th ch-GER"]
[Site "Hoeckendorf GER"]
[Date "2004.02.03"]
[Round "6"]
[White "Rabiega,R"]
[Black "Meins,G"]
[Result "1/2-1/2"]
[WhiteElo "2527"]
[BlackElo "2460"]

1.e4 c5 2.Nf3 d6 3.Bb5+ Bd7 4.Bxd7+ Qxd7 5.c4 Nc6 6.Nc3 Nf6 7.d4 cxd4 8.Nxd4 Qg4
9.Qxg4 Nxg4 10.Nxc6 bxc6 11.Bf4 Rb8 12.b3 g6 13.Rc1 Bg7 14.Ke2 c5 15.Rhd1 Rb7
16.Nd5 Ne5 17.Bxe5 Bxe5 18.f4 Bg7 19.Nc3 O-O 20.Rd5 Rc8 21.Kd3 Rb6 22.Kc2 Bd4
23.Nb5 Be3 24.Rf1 a6 25.Nc3 Bd4 26.Ne2 Bg7 27.Rfd1 h6 28.R5d3 Rb7 29.g4 Bf6
30.h3 Rc6 31.Rd5 Bg7 32.h4 a5 33.Nc3 Bxc3 34.Kxc3 a4 35.e5 axb3 36.axb3 Rcb6
37.Rb1  1/2-1/2

[Event "Gibraltar Masters"]
[Site "Catalan Bay ENG"]
[Date "2004.02.05"]
[Round "10"]
[White "White,I"]
[Black "Eliassen,E"]
[Result "0-1"]
[WhiteElo "2018"]
[BlackElo "1956"]

1.e4 c5 2.Nf3 d6 3.Bb5+ Bd7 4.Bxd7+ Qxd7 5.O-O Nc6 6.c3 Nf6 7.d4 Nxe4 8.d5 Nb8
9.Re1 Nf6 10.Bg5 Na6 11.Bxf6 gxf6 12.Nbd2 Rg8 13.Ne4 O-O-O 14.Qd3 Bh6 15.Ng3 Bf4
16.Qxh7 Bxg3 17.hxg3 e6 18.dxe6 fxe6 19.Qe4 e5 20.Rad1 f5 21.Qc4 d5 22.Qe2 e4
23.Nh4 Rg4 24.Kf1 f4 25.Rxd5 Rxh4 26.gxh4 Qxd5 27.Qxe4 Qxe4 28.Rxe4 Rf8 29.Ke2 f3+
30.gxf3 Rd8  0-1

[Event "75th ch-GER"]
[Site "Hoeckendorf GER"]
[Date "2004.02.05"]
[Round "7"]
[White "Ott,F"]
[Black "Gutman,L"]
[Result "0-1"]
[WhiteElo "2313"]
[BlackElo "2497"]

1.e4 c5 2.Nf3 d6 3.Bb5+ Nc6 4.d4 cxd4 5.Qxd4 Bd7 6.Bxc6 Bxc6 7.Nc3 e5 8.Qd3 h6
9.O-O Nf6 10.Rd1 b5 11.Nd2 Qd7 12.a4 b4 13.Nd5 Nxd5 14.exd5 Bxa4 15.Nc4 Bb5
16.Qb3 Bxc4 17.Qxc4 a5 18.Be3 Be7 19.c3 bxc3 20.Qxc3 Bd8 21.f4 Rc8 22.Qe1 O-O
23.fxe5 dxe5 24.d6 Re8 25.Rd5 Re6 26.Qd2 Rg6 27.Kh1 Qf5 28.Bc5 Bg5 29.Qe2 Bf6
30.Rxa5 Rg4 31.Ra1 Re4 32.Qd3 Rxc5 33.d7 Rxd5 34.Qxd5 Rd4  0-1

[Event "9th HIT Open"]
[Site "Nova Gorica SLO"]
[Date "2004.02.05"]
[Round "9"]
[White "Kovacevic,A"]
[Black "Solak,D"]
[Result "1/2-1/2"]
[WhiteElo "2541"]
[BlackElo "2546"]

1.e4 c5 2.Nf3 d6 3.Bb5+ Bd7 4.Bxd7+ Qxd7 5.c4 Nc6 6.d4 cxd4 7.Nxd4 g6 8.Nc3 Bg7
9.Nde2 Nf6 10.O-O O-O 11.f3 Rfd8 12.Be3  1/2-1/2

[Event "FRA-CHN Match"]
[Site "Cannes FRA"]
[Date "2004.02.07"]
[Round "1"]
[White "Ni Hua"]
[Black "Guidarelli,L"]
[Result "1-0"]
[WhiteElo "2560"]
[BlackElo "2449"]

1.e4 c5 2.Nf3 d6 3.Bb5+ Bd7 4.Bxd7+ Qxd7 5.O-O Nf6 6.Re1 Nc6 7.c3 e6 8.d3 Be7
9.Nbd2 Ne5 10.Nf1 O-O 11.Ng3 Rac8 12.h3 Qb5 13.Re3 Nfd7 14.Nh5 Nxf3+ 15.Qxf3 Nf6
16.Ng3 Rfd8 17.Qe2 Bf8 18.b3 a5 19.c4 Qd7 20.Bb2 Ne8 21.f4 d5 22.cxd5 exd5
23.e5 d4 24.Re4 Nc7 25.f5 Nd5 26.Qf3 Re8 27.Rae1 Rc6 28.Bc1 b5 29.Kh1 Nc3
30.Rg4 Qd5 31.Qf4 c4 32.bxc4 bxc4 33.Nh5 Kh8 34.Qg3 g6 35.dxc4 Qxc4 36.e6 Bd6
37.Bf4 Ne4 38.Rxe4 Qf1+ 39.Kh2 Rc1 40.Be5+ f6 41.Bxf6+ Kg8 42.Qxd6 Qg1+ 43.Kg3 Rc3+
44.Kh4 Qf2+ 45.Ng3  1-0

[Event "AS04 Centenary"]
[Site "Copenhagen DEN"]
[Date "2004.02.07"]
[Round "1"]
[White "Jaksland,T"]
[Black "Moller,F"]
[Result "1-0"]
[WhiteElo "2298"]
[BlackElo "1897"]

1.e4 c5 2.Nf3 d6 3.Bb5+ Bd7 4.Bxd7+ Qxd7 5.c4 Nc6 6.Nc3 g6 7.d4 cxd4 8.Nxd4 Bg7
9.Be3 Nf6 10.f3 O-O 11.O-O Rac8 12.Nde2 Qd8 13.Qd2 Re8 14.Rfd1 Nd7 15.Rab1 Qa5
16.b3 Nc5 17.h3 Ne6 18.Kh1 Qh5 19.Nd5 Ne5 20.Rf1 Kh8 21.Kg1 b6 22.Ndf4 Nxf4
23.Nxf4 Qh4 24.Nd5 Rcd8 25.Bg5 Qh5 26.h4 h6 27.Nf4 hxg5 28.Nxh5 gxh5 29.Qxg5  1-0

[Event "TCh-CZE Extraliga 2003-4"]
[Site "Czech Rep CZE"]
[Date "2004.02.07"]
[Round "6"]
[White "Oral,T"]
[Black "Ftacnik,L"]
[Result "1/2-1/2"]
[WhiteElo "2553"]
[BlackElo "2582"]

1.e4 c5 2.Nf3 d6 3.Bb5+ Nd7 4.d4 Nf6 5.Nc3 a6 6.Bxd7+ Nxd7 7.O-O cxd4 8.Qxd4 Qb6
9.Qd3 e6 10.Bg5 Qc7 11.Rad1 f6 12.Be3 b5 13.Qe2 b4 14.Nb1 Nc5 15.Bc1 a5 16.Rfe1 Be7
17.Nd4 O-O 18.c4 Bb7 19.Qg4 g6 20.f3 Bc8 21.Qg3 Bd7 22.f4 Kh8 23.Kh1 f5 24.Nd2 Bf6
25.Nb5 Bxb5 26.cxb5 Rab8 27.exf5 gxf5 28.Qf3 Rxb5 29.Nb3 Re8 30.Nd4 Rbb8
31.Qc6 Qg7 32.Nxf5 Qb7 33.Qxb7 Nxb7 34.Nxd6 Nxd6 35.Rxd6 Rbc8 36.h3 Rc2 37.f5 Bh4
38.Red1 exf5 39.R6d5 Bf6 40.Rxf5 Bxb2 41.Bxb2+ Rxb2 42.Rxa5 Rg8 43.Rg1 Rg3
44.Ra7 Ra3 45.Rb7 Raxa2 46.Re1 Re2 47.Rxe2 Rxe2 48.Rxb4 Kg7 49.Kh2 Re3 50.h4 h5
51.Rb5 Kg6 52.Rg5+ Kh6 53.Rg3 Re4 54.Kh3 Ra4  1/2-1/2

[Event "TCh-CZE Extraliga 2003-4"]
[Site "Czech Rep CZE"]
[Date "2004.02.07"]
[Round "6"]
[White "Hasangatin,R"]
[Black "Babula,V"]
[Result "1/2-1/2"]
[WhiteElo "2515"]
[BlackElo "2594"]

1.e4 c5 2.Nf3 d6 3.Bb5+ Nd7 4.d4 cxd4 5.Qxd4 a6 6.Bxd7+ Bxd7 7.Bg5 h6 8.Bh4 Qa5+
9.Nc3 e5 10.Qd5 Qb4 11.Nxe5 Be6 12.Nd3 Qxc3+ 13.bxc3 Bxd5 14.exd5 Be7 15.Bxe7 Nxe7
16.c4 Kd7 17.c5 Nxd5 18.cxd6 Rhe8+ 19.Kd2 Nb6 20.Nc5+ Kc6 21.Nb3 Nc4+ 22.Kd3 b5
23.Rhe1 Nxd6 24.Rxe8 Rxe8 25.a4 Kb6  1/2-1/2

[Event "FRA-CHN Match"]
[Site "Cannes FRA"]
[Date "2004.02.09"]
[Round "3"]
[White "Fontaine,R"]
[Black "Zhao Xue"]
[Result "0-1"]
[WhiteElo "2532"]
[BlackElo "2449"]

1.e4 c5 2.Nf3 d6 3.Bb5+ Nc6 4.O-O Bd7 5.Re1 Nf6 6.c3 a6 7.Bf1 Bg4 8.d3 e6
9.Nbd2 Be7 10.h3 Bh5 11.g4 Bg6 12.Nh4 Nd7 13.Ng2 h6 14.f4 Bh7 15.Nf3 O-O
16.Qe2 Qc7 17.Qf2 Rae8 18.h4 d5 19.exd5 exd5 20.Bd2 Nf6 21.Qg3 h5 22.g5 Ng4
23.Ne5 Ncxe5 24.fxe5 f6 25.g6 Bxg6 26.Nf4 Bf5 27.Nxd5 Qb8 28.d4 fxe5 29.Nxe7+ Rxe7
30.Bg5 Ree8 31.dxc5 b6 32.c6 Qc8 33.Bg2 e4 34.Qd6 Re6 35.Qd7 Rxc6 36.Qxc8 Rcxc8
37.Bxe4 Bxe4 38.Rxe4 Rf3 39.Re2 Rcf8 40.Rg2 R8f5 41.Re1 Ne5 42.Rge2 Rg3+
43.Kh2 Rgxg5 44.hxg5 Nf3+ 45.Kh3 Nxe1 46.Rxe1 Kf7 47.Rd1 b5 48.Rd6 Rxg5 49.Rxa6 Re5
50.a4 bxa4 51.Rxa4 g5 52.Ra7+ Kg6 53.Rb7 Re2 54.c4 Rc2 55.b3 Rc3+ 56.Kg2 h4
57.Rb8 Kh5 58.Rh8+ Kg4 59.Rd8 Rxb3 60.Rd4+ Kh5 61.c5 Rc3 62.Rd5 h3+ 63.Kh2 Kh4
64.Rf5 Rc2+ 65.Kg1 g4 66.Rf1 h2+ 67.Kh1 Kh3 68.c6 Rc5 69.Ra1  0-1

[Event "12th Aosta Open"]
[Site "St Vincent ITA"]
[Date "2004.02.09"]
[Round "3"]
[White "Sedina,E"]
[Black "Tiviakov,S"]
[Result "1/2-1/2"]
[WhiteElo "2393"]
[BlackElo "2600"]

1.e4 c5 2.Nf3 d6 3.Bb5+ Nc6 4.O-O Bg4 5.h3 Bh5 6.c3 a6 7.Bxc6+ bxc6 8.d4 cxd4
9.cxd4 e6 10.Nc3 Be7 11.Re1 Nf6 12.Qa4 Qd7 13.e5 Nd5 14.exd6 Bxd6 15.Ne5 Bxe5
16.dxe5 O-O 17.Nxd5 Qxd5 18.b3 Rfd8  1/2-1/2

[Event "FSIM February"]
[Site "Budapest HUN"]
[Date "2004.02.10"]
[Round "4"]
[White "Rudolf,A"]
[Black "Vajda,AlI"]
[Result "0-1"]
[WhiteElo "2199"]
[BlackElo "2201"]

1.e4 c5 2.Nf3 d6 3.Bb5+ Bd7 4.Bxd7+ Qxd7 5.O-O Nc6 6.b3 Nf6 7.Nc3 b5 8.Re1 Rb8
9.a4 b4 10.Nd5 e5 11.Nxf6+ gxf6 12.Nh4 Rg8 13.Bb2 Qh3 14.Re3 Qxh4  0-1

[Event "FRA-CHN Match"]
[Site "Cannes FRA"]
[Date "2004.02.10"]
[Round "4"]
[White "Sebag,M"]
[Black "Bu Xiangzhi"]
[Result "0-1"]
[WhiteElo "2404"]
[BlackElo "2606"]

1.e4 c5 2.Nf3 d6 3.Bb5+ Nc6 4.O-O Bd7 5.Re1 Nf6 6.c3 a6 7.Bxc6 Bxc6 8.d4 Bxe4
9.Bg5 Bd5 10.Nbd2 e6 11.c4 Bxf3 12.Qxf3 cxd4 13.Bxf6 gxf6 14.Qxb7 Be7 15.Qc6+ Kf8
16.Nf3 e5 17.Nh4 Rc8 18.Qf3 Rg8 19.Qh3 Rg5 20.Nf3 Rg7 21.Nh4 Rg5 22.f4 Rh5
23.Qg4 Rh6 24.b3 Rc7 25.Rad1 Qd7 26.Nf5 Rg6 27.Qh5 Bd8 28.Rf1 Qc6 29.Rf2 Kg8
30.Rd3 Qe4 31.Rd1 Rd7 32.Ng3 Qc6 33.Qe2 Bb6 34.Rd3 Kf8 35.f5 Rxg3 36.Rxg3 e4
37.Qh5 d3 38.Qh6+ Ke7 39.Rg8 Bxf2+ 40.Kxf2 Qc5+ 41.Ke1 Qa5+ 42.Kf2 Qc5+ 43.Ke1 Qxf5
44.b4 Rc7 45.c5 dxc5 46.Qf8+ Ke6 47.Qd8 Qf4 48.Re8+ Kf5 49.Qd5+ Kg6 50.Rxe4 d2+
51.Ke2 Qg5 52.Qxg5+ fxg5 53.Kxd2 cxb4 54.Rxb4 Re7 55.a4 Re6 56.a5 f5 57.Rb6 Kf6
58.Kd3 f4 59.Kd4 Kf5 60.Kd3 h5 61.h3 Re3+ 62.Kd4 Re6 63.Rxe6 Kxe6 64.Ke4 h4
65.Kf3 Kf5 66.Kf2 Ke4 67.Ke2 Kd4 68.Kf3 Kc5 69.Kg4 Kb5 70.Kxg5 Kxa5 71.Kxf4 Kb4
72.Ke3 a5 73.Kd2 Kb3 74.Kc1 a4 75.Kb1 a3 76.Ka1 a2  0-1

[Event "12th Fajr Open"]
[Site "Isfahan IRI"]
[Date "2004.02.10"]
[Round "6"]
[White "Soozankar,A"]
[Black "Hakki,I"]
[Result "1/2-1/2"]
[WhiteElo "2213"]
[BlackElo "2444"]

1.e4 c5 2.Nf3 d6 3.Bb5+ Bd7 4.Bxd7+ Qxd7 5.O-O Nf6 6.Re1 Nc6 7.c3 e6 8.d4 cxd4
9.cxd4 d5 10.e5 Ne4 11.a3 Be7 12.Qd3 O-O 13.Nbd2 Nxd2 14.Bxd2 f6 15.exf6 Bxf6
16.Re2 Rae8 17.Rae1 a6 18.Bc3 Na7 19.b3 Nc6 20.Nd2 Bg5 21.Nf3 Bf6  1/2-1/2

[Event "AS04 Centenary"]
[Site "Copenhagen DEN"]
[Date "2004.02.11"]
[Round "5"]
[White "Nilsson,N"]
[Black "Moller,A"]
[Result "1-0"]
[WhiteElo "2126"]
[BlackElo "1943"]

1.e4 c5 2.Nf3 d6 3.Bb5+ Bd7 4.a4 Nc6 5.O-O a6 6.Bxc6 Bxc6 7.Re1 e5 8.b4 Nf6
9.bxc5 Bxe4 10.Nc3 Bxf3 11.Qxf3 Qc7 12.Rb1 Rb8 13.d4 Be7 14.cxd6 Bxd6 15.dxe5 Bxe5
16.Bf4  1-0

[Event "FRA-CHN Match"]
[Site "Cannes FRA"]
[Date "2004.02.12"]
[Round "5"]
[White "Fontaine,R"]
[Black "Bu Xiangzhi"]
[Result "1/2-1/2"]
[WhiteElo "2532"]
[BlackElo "2606"]

1.e4 c5 2.Nf3 d6 3.Bb5+ Nd7 4.Nc3 a6 5.Bxd7+ Bxd7 6.d4 e6 7.O-O Ne7 8.dxc5 dxc5
9.Ne5 Nc6 10.Nxd7 Qxd7 11.Qxd7+ Kxd7 12.Na4 Kc7 13.Bf4+ e5 14.Bg3 f6 15.Nc3 Nb4
16.Rac1 b5 17.Rfd1 c4 18.Nd5+ Nxd5 19.Rxd5 Be7 20.Rcd1 Rhd8  1/2-1/2

[Event "FRA-CHN Match"]
[Site "Cannes FRA"]
[Date "2004.02.13"]
[Round "6"]
[White "Sebag,M"]
[Black "Zhao Xue"]
[Result "1/2-1/2"]
[WhiteElo "2404"]
[BlackElo "2449"]

1.e4 c5 2.Nf3 d6 3.Bb5+ Bd7 4.Bxd7+ Qxd7 5.O-O Nc6 6.c3 Nf6 7.d4 cxd4 8.cxd4 Nxe4
9.d5 Ne5 10.Re1 Nf6 11.Nxe5 dxe5 12.Nc3 e6 13.Bg5 Bb4 14.dxe6 Qxd1 15.Raxd1 fxe6
16.Rxe5 Bxc3 17.bxc3 Kf7 18.Rd6 Rhe8 19.f4 Rac8 20.f5 exf5 21.Bxf6 gxf6 22.Rd7+ Kg6
23.Rxe8 Rxe8 24.Rxb7 Re3 25.Rc7 Rd3 26.a3 Rd5 27.a4 Ra5 28.Rc4 Rd5 29.Kf2 Rd2+
30.Kf3 Ra2 31.h4 h6 32.g3 h5 33.Ke3 Rg2 34.Kf4 Rf2+ 35.Ke3 Rg2 36.Kf3 Ra2
37.Rf4 Rc2 38.Rc4 Ra2 39.Rb4 Ra3 40.Rd4  1/2-1/2

[Event "12th Aosta Open"]
[Site "St Vincent ITA"]
[Date "2004.02.13"]
[Round "7"]
[White "Sedina,E"]
[Black "Tomba,I"]
[Result "1/2-1/2"]
[WhiteElo "2393"]
[BlackElo "2236"]

1.e4 c5 2.Nf3 d6 3.Bb5+ Nd7 4.O-O Nf6 5.d4 a6 6.Bxd7+ Nxd7 7.Nc3 e6 8.Bg5 Qc7
9.d5 e5 10.a4 g6 11.Nd2 b6 12.Nc4 Bg7 13.f4 h6 14.fxe5 Nxe5 15.Nxe5 Bxe5
16.Bf4 Qe7 17.Qd2 Ra7 18.Nd1 Rc7 19.Ne3 Bxf4 20.Rxf4 O-O 21.Raf1 b5 22.a5 Qe5
23.c3 Re7 24.Nc2 f6 25.Ne1 Ree8 26.Nf3 Qe7 27.Nh4 Kg7 28.Qd3 Qe5 29.Qg3 g5
30.Nf5+ Bxf5 31.exf5 Kf7 32.R4f3 Qxg3 33.hxg3 Re2 34.R1f2 Rfe8 35.g4 c4 36.Rh3 Kg7
37.Rxe2 Rxe2 38.Kf1 Re5 39.Kf2 Rxd5 40.Re3 Rd2+ 41.Ke1 Rxb2 42.Re7+ Kf8 43.Re6 Rc2
44.Rxd6 Rxc3 45.Rxf6+ Ke7 46.Rxa6 Ra3 47.Kd2 b4 48.Rb6 Rxa5 49.Rxb4 Ra2+
50.Ke3 c3 51.Kd3 Rxg2 52.Kxc3 Kf6 53.Re4 h5 54.Re6+ Kf7 55.gxh5 Rf2 56.Re5 Kf6
57.Re8 Rxf5  1/2-1/2

[Event "12th Aosta Open"]
[Site "St Vincent ITA"]
[Date "2004.02.14"]
[Round "8"]
[White "Nevednichy,V"]
[Black "Mantovani,R"]
[Result "1-0"]
[WhiteElo "2548"]
[BlackElo "2375"]

1.e4 c5 2.Nf3 d6 3.Bb5+ Bd7 4.Bxd7+ Qxd7 5.O-O Nf6 6.Re1 Nc6 7.c3 e6 8.d4 cxd4
9.cxd4 d5 10.e5 Ne4 11.Nbd2 Nxd2 12.Bxd2 Be7 13.Rc1 O-O 14.Rc3 Rfc8 15.a3 a5
16.Rd3 Qd8 17.h4 Bxh4 18.g4 h6 19.Kg2 Be7 20.Rh1 Bf8 21.g5 h5 22.Rxh5 g6
23.Rh1 Bg7 24.Nh2 Kf8 25.Ng4 Ke7 26.Rh7 Qg8 27.Nf6 Bxf6 28.gxf6+ Kd7 29.Rdh3 Kc7
30.Rg7 Qe8 31.b4 axb4 32.Rhh7 Nd8 33.Bxb4 Kb8 34.Bd6+ Ka7 35.Qb3 Rc4 36.Be7 Rc7
37.Qb4 b6 38.Qb3 Rac8 39.a4 Rb7 40.Qb5 Qxb5 41.axb5  1-0

[Event "12th Aosta Open"]
[Site "St Vincent ITA"]
[Date "2004.02.14"]
[Round "8"]
[White "Klinova,M"]
[Black "Charbonneau,P"]
[Result "0-1"]
[WhiteElo "2366"]
[BlackElo "2485"]

1.e4 c5 2.Nf3 d6 3.Bb5+ Nd7 4.Bxd7+ Bxd7 5.d4 cxd4 6.Qxd4 Nf6 7.Bg5 e6 8.O-O Be7
9.c4 h6 10.Bh4 e5 11.Qd3 g5 12.Bg3 h5 13.c5 h4 14.cxd6 hxg3 15.dxe7 gxh2+
16.Kh1 Qxe7 17.Nxg5 Rg8 18.Nf3 Rd8 19.Qa3 Bb5 20.Qxe7+ Kxe7 21.Re1 Ng4 22.Nc3 Bc4
23.b3 Rh8 24.g3 Rd3 25.bxc4 Rxc3 26.Nh4 Rc2 27.f3 Nf2+ 28.Kg2 Nxe4+  0-1